Gemeenten van Gelderland met kaart - Statistieken

Algemene statistieken
  • Deze quiz is 3.733 keer genomen
  • De gemiddelde score is 26 van 51
Antwoorden op de kaart
Antwoorden kleurgecodeerd door een groen-rode schaal op de quizkaart volgens % correct hieronder.
 
Antwoordstatistieken
Antwoord % Correct
Arnhem
92%
Apeldoorn
88%
Nijmegen
87%
Ede
82%
Harderwijk
70%
Zutphen
70%
Doetinchem
69%
Wageningen
68%
Winterswijk
68%
Epe
64%
Tiel
64%
Barneveld
62%
Nunspeet
58%
Ermelo
56%
Putten
56%
Nijkerk
55%
Duiven
53%
Culemborg
51%
Neder-Betuwe
51%
West Betuwe
51%
Overbetuwe
50%
Wijchen
50%
Zevenaar
50%
Berg en Dal
49%
Aalten
48%
Elburg
48%
Rheden
46%
Zaltbommel
46%
Hattem
45%
Lochem
45%
Bronckhorst
43%
Doesburg
42%
Rozendaal
42%
Scherpenzeel
42%
Beuningen
40%
Renkum
40%
Buren
38%
Heerde
38%
Voorst
38%
Oldebroek
37%
Brummen
36%
Westervoort
36%
Druten
35%
Oost Gelre
34%
West Maas en Waal
33%
Lingewaard
32%
Maasdriel
32%
Oude IJsselstreek
32%
Berkelland
31%
Heumen
31%
Montferland
29%
Geen overeenkomende quizzen gevonden
Scoreverdeling
Procent van Mensen met Elke Score
Percentiel versus Aantal Correcte Antwoorden
Uw Scoregeschiedenis
U heeft deze quiz nog niet genomen